Romans, rubbish, and refuse : the archaeobotanical assemblage of Regione VI, Insula I, Pompei /

The extensive excavations (1995-2006) by the Anglo-American Project in Pompeii provided a rare insight into chronological change within the city. This research was significant as an insula block within Pompeii had never previously been excavated in its entirety. The analysis of all the recovered see...

وصف كامل

محفوظ في:

المؤلف الرئيسي: Murphy, Charlene Alexandria (مؤلف)

التنسيق: كتاب الكتروني

اللغة: English

منشور في: Oxford : Archaeopress Publishing Ltd, [2015]

سلاسل: Archaeopress Roman archaeology ; 8.

الموضوعات:

الوصول للمادة أونلاين: Login to view Source

الوسوم: إضافة وسم

لا توجد وسوم, كن أول من يضع وسما على هذه التسجيلة!

رقم الطلب: DG70.P7

LEADER 02248nam a2200433 i 4500
001 EDZ0001355540
003 StDuBDS
005 20230412181540.0
006 m|||||o||d||||||||
007 cr |||||||||||
008 150601t20152015enka fob 000|0|eng|d
020 |a 9781784911164 (PDF ebook) :  |c No price 
040 |a StDuBDS  |b eng  |c StDuBDS  |e rda  |e pn 
050 4 |a DG70.P7 
082 0 4 |a 937.72568  |2 23 
100 1 |a Murphy, Charlene Alexandria,  |e author. 
245 1 0 |a Romans, rubbish, and refuse :  |b the archaeobotanical assemblage of Regione VI, Insula I, Pompei /  |c Charlene Alexandria Murphy. 
264 1 |a Oxford :  |b Archaeopress Publishing Ltd,  |c [2015] 
264 4 |c ©2015 
300 |a 1 online resource :  |b illustrations (black and white, and colour). 
336 |a text  |2 rdacontent 
336 |a still image  |2 rdacontent 
337 |a computer  |2 rdamedia 
338 |a online resource  |2 rdacarrier 
490 1 |a Archaeopress Roman archaeology ;  |v 8 
504 |a Includes bibliographical references. 
520 8 |a The extensive excavations (1995-2006) by the Anglo-American Project in Pompeii provided a rare insight into chronological change within the city. This research was significant as an insula block within Pompeii had never previously been excavated in its entirety. The analysis of all the recovered seeds, fruits and cereal remains provided an opportunity to undertake a diachronic study of urban Roman plant food consumption and discards, the results of which are discussed here. 
521 |a Specialized. 
588 |a Description based on online resource; title from home page (viewed on March 15, 2016). 
651 0 |a Pompeii (Extinct city) 
650 0 |a Refuse and refuse disposal  |z Italy  |z Pompeii (Extinct city) 
650 0 |a Plant remains (Archaeology)  |z Italy  |z Pompeii (Extinct city) 
650 0 |a Excavations (Archaeology)  |z Italy  |z Pompeii (Extinct city) 
776 0 8 |i Print version :  |z 9781784911157 
830 0 |a Archaeopress Roman archaeology ;  |v 8. 
856 4 0 |3 Archaeopress  |u http://library.arce.org:8087/Archaeopress/Products/9781784911157 
942 |2 lcc  |c EBOOK 
952 |0 0  |1 0  |4 0  |6 DG0070 P7  |7 1  |9 46056  |a ARCH  |b ARCH  |d 2023-04-12  |l 0  |o DG70.P7  |r 2023-04-12 00:00:00  |w 2023-04-12  |y EBOOK 
999 |c 51714  |d 51714